000 00412nam a22001577a 4500
008 100624t xxu||||| |||| 00| 0 eng d
020 _a0908307675
080 _a(083.9)
100 _aWright, E. Alaphia
_9397
245 _aPractical project planning
_cE. Alaphia Wright
250 _aS/ed.
260 _aHarare
_bS/ed
_c1998
300 _a140p.
650 _aPlanos. Projectos. Programas
_9398
942 _2ddc
_cBK
999 _c4287
_d4287